<?xml version="1.0" encoding="UTF-8"?>
<record
    xmlns:xsi="http://www.w3.org/2001/XMLSchema-instance"
    xsi:schemaLocation="http://www.loc.gov/MARC21/slim http://www.loc.gov/standards/marcxml/schema/MARC21slim.xsd"
    xmlns="http://www.loc.gov/MARC21/slim">

  <leader>00830cam a2200241 a 4500</leader>
  <datafield tag="999" ind1=" " ind2=" ">
    <subfield code="c">7400</subfield>
    <subfield code="d">7400</subfield>
  </datafield>
  <controlfield tag="003">OSt</controlfield>
  <controlfield tag="005">20211117120753.0</controlfield>
  <controlfield tag="008">090619s2009    sp ago|  |||| 000 0bcat</controlfield>
  <datafield tag="017" ind1=" " ind2=" ">
    <subfield code="a">DL T. 666-2009</subfield>
  </datafield>
  <datafield tag="020" ind1=" " ind2=" ">
    <subfield code="a">9788492408788</subfield>
  </datafield>
  <datafield tag="040" ind1=" " ind2=" ">
    <subfield code="a">CDMR</subfield>
    <subfield code="c">0</subfield>
  </datafield>
  <datafield tag="080" ind1=" " ind2=" ">
    <subfield code="a">929Gols i Soler, Joan</subfield>
  </datafield>
  <datafield tag="245" ind1="0" ind2="0">
    <subfield code="a">Joan Gols i Soler : </subfield>
    <subfield code="b">un personatge singular / </subfield>
    <subfield code="c">Mar&#xE7;al Gols i Cavagliani ... [et al.]</subfield>
  </datafield>
  <datafield tag="260" ind1=" " ind2=" ">
    <subfield code="a">Tarragona : </subfield>
    <subfield code="b">Arola, </subfield>
    <subfield code="c">2009</subfield>
  </datafield>
  <datafield tag="300" ind1=" " ind2=" ">
    <subfield code="a">315 p. : </subfield>
    <subfield code="b">il., m&#xFA;sica ; </subfield>
    <subfield code="c">24 cm</subfield>
  </datafield>
  <datafield tag="490" ind1="1" ind2=" ">
    <subfield code="a">Morera : </subfield>
    <subfield code="a">estudis locals ; </subfield>
    <subfield code="v">17</subfield>
  </datafield>
  <datafield tag="600" ind1=" " ind2="0">
    <subfield code="a">Gols i Soler, Joan</subfield>
    <subfield code="9">4703</subfield>
  </datafield>
  <datafield tag="650" ind1=" " ind2="0">
    <subfield code="a">Periodistes</subfield>
    <subfield code="z">Catalunya</subfield>
    <subfield code="x">Biografia</subfield>
    <subfield code="9">2273</subfield>
  </datafield>
  <datafield tag="650" ind1=" " ind2="0">
    <subfield code="a">Dibuixants</subfield>
    <subfield code="z">Catalunya</subfield>
    <subfield code="x">Biografia</subfield>
    <subfield code="9">3384</subfield>
  </datafield>
  <datafield tag="651" ind1=" " ind2="0">
    <subfield code="a">Catalunya</subfield>
    <subfield code="x">Hist&#xF2;ria</subfield>
    <subfield code="y">1936-1939 (Guerra civil)</subfield>
    <subfield code="x">Refugiats</subfield>
    <subfield code="x">Relats personals</subfield>
    <subfield code="9">4705</subfield>
  </datafield>
  <datafield tag="700" ind1=" " ind2=" ">
    <subfield code="a">Gols, Mar&#xE7;al</subfield>
    <subfield code="9">4704</subfield>
  </datafield>
  <datafield tag="942" ind1=" " ind2=" ">
    <subfield code="2">udc</subfield>
    <subfield code="c">MON</subfield>
  </datafield>
  <datafield tag="952" ind1=" " ind2=" ">
    <subfield code="0">0</subfield>
    <subfield code="1">0</subfield>
    <subfield code="4">0</subfield>
    <subfield code="7">0</subfield>
    <subfield code="a">CDMR</subfield>
    <subfield code="b">CDMR</subfield>
    <subfield code="d">2021-11-17</subfield>
    <subfield code="e">Donaci&#xF3;</subfield>
    <subfield code="g">22.80</subfield>
    <subfield code="l">0</subfield>
    <subfield code="o">Du 1/167</subfield>
    <subfield code="p">CDMR21110014</subfield>
    <subfield code="r">2021-11-17</subfield>
    <subfield code="w">2021-11-17</subfield>
    <subfield code="y">MON</subfield>
  </datafield>
</record>
